Peccato di gola : poesie al fermo posta /
Salvato in:
| Autore principale: | |
|---|---|
| Natura: | Libro |
| Lingua: | italiano |
| Pubblicazione: |
Milano :
Libri Scheiwiller,
1990
|
| Serie: | Poesia ;
30 |
| Tags: |
Nessun Tag, puoi essere il primo ad aggiungerne!!
|
MARC
| LEADER | 00000nam a22000007i 4500 | ||
|---|---|---|---|
| 001 | IT\ICCU\CFI\0179351 | ||
| 003 | ItRI | ||
| 005 | 20250921140526.0 | ||
| 008 | 920510s1990 it |||||| ||||| |||||c | ||
| 020 | |a 8876441352 | ||
| 040 | |b ita |c ct | ||
| 041 | 7 | |a ita |2 ISO-639-2 | |
| 100 | 1 | |a Penna, Sandro |0 IT\ICCU\CFIV\020965 |4 aut | |
| 245 | 1 | 0 | |a Peccato di gola : |b poesie al fermo posta / |c Sandro Penna. |
| 260 | |a Milano : |b Libri Scheiwiller, |c 1990 | ||
| 300 | |a 71 p. ; |c 17 cm. | ||
| 830 | 0 | |a Poesia ; |v 30 |0 IT\ICCU\CFI\0040002 | |
| 942 | |2 ddc |c BK | ||
| 952 | |0 0 |1 0 |2 ddc |4 0 |6 B_LPS01PENSAPEC11 |7 0 |9 7568 |a MI |b MI |d 2011-10-03 |i 3142 |l 0 |o B-LPS01-PENSA-PEC11 |p CDOM3142 |r 2025-07-13 16:28:00 |w 2025-07-13 |x ACQUISTO |y BK | ||
| 981 | 1 | |6 z01 |a i |b xxxe | |
| 982 | 1 | |6 z01 |a n | |
| 999 | |c 6258 |d 6258 | ||